000 01180nam a2200265Ia 4500
003 OSt
005 20201214183115.0
008 191128t2018 ck ad fr 000 0 spa d
020 _a9789585634336
040 _aCO-JMCR
_cCO-JMCR
041 0 _aspa
082 0 4 _a338.18861 /
_bP438p
_223
100 1 _aPerfetti, Juan José,
_eeditor
_97091
245 1 0 _aPolítica comercial agrícola :
_bnivel, costos y efectos de la protección en Colombia /
_ceditores, Juan José Perfetti y Jesús Botero ; prólogo, Leonardo Villar
250 _aPrimera edición
260 _aBogotá :
_bFedesarrollo,
_c©2018
300 _a315 páginas :
_bgráficas ;
_c24 cm.
504 _aIncluye referencias bibliográficas al final de cada capítulo.
505 0 _aImpactos de la protección sobre el producto, la asignación de un recurso y el bienestar -- Referencias bibliográficas -- La política comercial agrícola en Colombia 1990-2015.
650 1 4 _aPolítica agrícola
_ySiglos XX-XXI
_zColombia
_97092
651 4 _aColombia
_xpolítica comercial
_ySiglos XX-XXI
_97093
700 1 _aBotero, Jesús,
_eeditor
_97094
700 1 _aVillar, Leonardo,
_eprologuista
_97095
942 _2ddc
_cBK
999 _c3386
_d3386